Spanish Astronomy Vocabulary Words - Statistics

General Stats
  • This quiz has been taken 1,825 times
  • The average score is 23 of 27
Answer Stats
español English % Correct
galaxia galaxy
97%
planeta planet
97%
universo universe
96%
Venus Venus
96%
asteroide asteroid
95%
cometa comet
95%
Júpiter Jupiter
95%
Mercurio Mercury
95%
luna moon
95%
Saturno Saturn
95%
sol sun
95%
Marte Mars
94%
Neptuno Neptune
94%
Plutón Pluto
94%
Tierra Earth
92%
sistema solar solar system
92%
Urano Uranus
92%
meteoro meteor
91%
estrella star
91%
constelación constellation
85%
satélite satellite
85%
hoyo negro black hole
81%
rayos cósmicos cosmic rays
74%
nebulosa nebula
71%
Vía Láctea Milky Way
58%
estrella Polar North Star
58%
Osa Mayor Big Dipper
33%
No matching quizzes found
Score Distribution
Percent of People with Each Score
Percentile by Number Answered
Your Score History
You have not taken this quiz